<?xml version="1.0" encoding="UTF-8"?>
<record
    xmlns:xsi="http://www.w3.org/2001/XMLSchema-instance"
    xsi:schemaLocation="http://www.loc.gov/MARC21/slim http://www.loc.gov/standards/marcxml/schema/MARC21slim.xsd"
    xmlns="http://www.loc.gov/MARC21/slim">

  <leader>00577nam a2200169Ia 4500</leader>
  <controlfield tag="008">230718s9999    xx            000 0 und d</controlfield>
  <datafield tag="020" ind1=" " ind2=" ">
    <subfield code="a">9783319086507</subfield>
  </datafield>
  <datafield tag="041" ind1=" " ind2=" ">
    <subfield code="a">eng</subfield>
  </datafield>
  <datafield tag="082" ind1=" " ind2=" ">
    <subfield code="a">006.37</subfield>
    <subfield code="b">SHA</subfield>
  </datafield>
  <datafield tag="100" ind1=" " ind2=" ">
    <subfield code="a">Shao L. (Editor)</subfield>
    <subfield code="9">199005</subfield>
  </datafield>
  <datafield tag="245" ind1=" " ind2=" ">
    <subfield code="a">Computer Vision And Machine Learning With RGB-D Sensors</subfield>
  </datafield>
  <datafield tag="260" ind1=" " ind2=" ">
    <subfield code="c">2014</subfield>
    <subfield code="b">Springer</subfield>
  </datafield>
  <datafield tag="300" ind1=" " ind2=" ">
    <subfield code="a">316</subfield>
    <subfield code="d">Ref 1696 E M.Tech.(53319)</subfield>
  </datafield>
  <datafield tag="365" ind1=" " ind2=" ">
    <subfield code="c">Rs.</subfield>
    <subfield code="b">7589.70</subfield>
  </datafield>
  <datafield tag="700" ind1=" " ind2=" ">
    <subfield code="a">Shao L. (Editor); Han J. (Editor); Kohli P. (Editor) &amp; Zhang Z. (Editor)</subfield>
    <subfield code="9">199006</subfield>
  </datafield>
  <datafield tag="906" ind1=" " ind2=" ">
    <subfield code="d">O:0510431-May-2016B:SE/SI/312310-May-2016</subfield>
    <subfield code="c">MTE</subfield>
    <subfield code="b">1897.43</subfield>
  </datafield>
  <datafield tag="999" ind1=" " ind2=" ">
    <subfield code="c">342112</subfield>
    <subfield code="d">342112</subfield>
  </datafield>
  <datafield tag="952" ind1=" " ind2=" ">
    <subfield code="0">0</subfield>
    <subfield code="1">0</subfield>
    <subfield code="2">ddc</subfield>
    <subfield code="3">Ref 1696 E (53319)</subfield>
    <subfield code="4">0</subfield>
    <subfield code="7">3</subfield>
    <subfield code="a">CCEP</subfield>
    <subfield code="b">CCEP</subfield>
    <subfield code="d">2016-05-31</subfield>
    <subfield code="e">Suyog Enterprises</subfield>
    <subfield code="f">MTE</subfield>
    <subfield code="g">5692.27</subfield>
    <subfield code="i">SE/SI/3123</subfield>
    <subfield code="o">006.37</subfield>
    <subfield code="p">CCEP-BK-53319</subfield>
    <subfield code="r">2023-07-18 00:00:00</subfield>
    <subfield code="t">1897.43</subfield>
    <subfield code="v">7589.70</subfield>
    <subfield code="w">2016-05-10</subfield>
    <subfield code="y">BK</subfield>
    <subfield code="z">053319</subfield>
  </datafield>
</record>
